Introduction to psychology/ (Record no. 364278)
[ view plain ]
| 000 -LEADER | |
|---|---|
| fixed length control field | 00377nam a2200121Ia 4500 |
| 008 - FIXED-LENGTH DATA ELEMENTS--GENERAL INFORMATION | |
| fixed length control field | 200918s9999 xx 000 0 und d |
| 020 ## - INTERNATIONAL STANDARD BOOK NUMBER | |
| International Standard Book Number | 978-621-418-037-0 |
| 100 ## - MAIN ENTRY--PERSONAL NAME | |
| Personal name | Pelayo, Jose Maria G. |
| 245 ## - TITLE STATEMENT | |
| Statement of responsibility, etc | Jose Maria G. Pelayo III |
| Title | Introduction to psychology/ |
| 260 ## - PUBLICATION, DISTRIBUTION, ETC. (IMPRINT) | |
| Place of publication, distribution, etc | Manila: |
| Name of publisher, distributor, etc | Wiseman's Books Trading Inc. |
| Date of publication, distribution, etc | 2018 |
| 300 ## - PHYSICAL DESCRIPTION | |
| Extent | ii, 130 pages |
| Dimensions | 22 cm. |
| 650 ## - SUBJECT ADDED ENTRY--TOPICAL TERM | |
| Topical term or geographic name as entry element | Psychology |
| Withdrawn status | Lost status | Damaged status | Home library | Current library | Shelving location | Date acquired | Source of acquisition | Total Checkouts | Full call number | Barcode | Date last seen | Price effective from | Koha item type |
|---|---|---|---|---|---|---|---|---|---|---|---|---|---|
| College Library | College Library | Filipiniana Section | 09/18/2020 | BF 121 .P381 2018 | C22456 | 09/18/2020 | 09/18/2020 | Books |